000 00579nam a2200229Ia 4500
003 OSt
005 20221007115739.0
006 a|||||r|||| 00| 0
007 ta
008 221006b |||||||| |||| 00| 0 eng d
024 _a38,025
037 _cTextual
040 _aLCO
_cLCO
_beng
041 _2eng
_aeng
082 _aV1N4:5, Q2
100 _aZIVI Karen
_9709825
245 0 _aMaking Rights Claims
_b A Practice of Democratic Citizenship
260 _c2012
300 _a158
942 _hV1N4:5, Q2
_cTEXL
999 _c1207588
_d1207588